000 00352nam a2200145Ia 4500
008 230711s9999||||xx |||||||||||||| ||und||
041 _aENG
082 _a621
_bRA-S
100 _aRamamrutham.S
245 0 _aTheory of structure
250 _a1st
260 _c1994
_aNew Delhi
_bDhanpat Rai & Co.(Pvt.)Ltd.
650 _aCivil Engineering
942 _cBK
999 _c3063
_d3063